| 000 | 00385cam a22001337a 4500 | ||
|---|---|---|---|
| 008 | 180718b1959 xxu||||| |||| 00| 0 eng d | ||
| 082 | _aB6x5453 N15 | ||
| 100 | _aNamboodiripad, E.M.S | ||
| 245 |
_aTwnty-eight months in Kerala _cby E.M.S Namboodiripad |
||
| 260 |
_aNew Delhi _bPeople's Pub. House _c1959 |
||
| 300 | _a60p. | ||
| 500 | _aRs.0.75 | ||
| 650 | _aState Govt - India (Kerala) | ||
| 999 |
_c375046 _d375046 |
||